<?xml version="1.0" encoding="UTF-8"?>
<record
    xmlns:xsi="http://www.w3.org/2001/XMLSchema-instance"
    xsi:schemaLocation="http://www.loc.gov/MARC21/slim http://www.loc.gov/standards/marcxml/schema/MARC21slim.xsd"
    xmlns="http://www.loc.gov/MARC21/slim">

  <leader>01414nam a2200289Ia 4500</leader>
  <datafield tag="952" ind1=" " ind2=" ">
    <subfield code="0">0</subfield>
    <subfield code="1">0</subfield>
    <subfield code="2">lcc</subfield>
    <subfield code="4">0</subfield>
    <subfield code="7">0</subfield>
    <subfield code="a">11</subfield>
    <subfield code="b">11</subfield>
    <subfield code="d">2016-02-23</subfield>
    <subfield code="l">1</subfield>
    <subfield code="o">TK6678 C83 2009</subfield>
    <subfield code="p">11 012940</subfield>
    <subfield code="r">2019-09-17</subfield>
    <subfield code="s">2019-09-17</subfield>
    <subfield code="t">1</subfield>
    <subfield code="w">2016-02-23</subfield>
    <subfield code="y">LB</subfield>
  </datafield>
  <datafield tag="952" ind1=" " ind2=" ">
    <subfield code="0">0</subfield>
    <subfield code="1">0</subfield>
    <subfield code="2">lcc</subfield>
    <subfield code="4">0</subfield>
    <subfield code="7">0</subfield>
    <subfield code="a">11</subfield>
    <subfield code="b">11</subfield>
    <subfield code="d">2016-02-23</subfield>
    <subfield code="l">0</subfield>
    <subfield code="o">TK6678 C83 2009</subfield>
    <subfield code="p">11 012941</subfield>
    <subfield code="r">2016-02-23</subfield>
    <subfield code="t">2</subfield>
    <subfield code="w">2016-02-23</subfield>
    <subfield code="y">LB</subfield>
  </datafield>
  <datafield tag="952" ind1=" " ind2=" ">
    <subfield code="0">0</subfield>
    <subfield code="1">0</subfield>
    <subfield code="4">0</subfield>
    <subfield code="7">0</subfield>
    <subfield code="a">03</subfield>
    <subfield code="b">03</subfield>
    <subfield code="d">2016-03-08</subfield>
    <subfield code="l">1</subfield>
    <subfield code="o">TK6678 C83 2009</subfield>
    <subfield code="p">03 008441</subfield>
    <subfield code="r">2019-04-04</subfield>
    <subfield code="s">2019-04-04</subfield>
    <subfield code="t">1</subfield>
    <subfield code="w">2016-03-08</subfield>
    <subfield code="y">LB</subfield>
  </datafield>
  <datafield tag="952" ind1=" " ind2=" ">
    <subfield code="0">0</subfield>
    <subfield code="1">0</subfield>
    <subfield code="2">lcc</subfield>
    <subfield code="4">0</subfield>
    <subfield code="7">0</subfield>
    <subfield code="a">07</subfield>
    <subfield code="b">07</subfield>
    <subfield code="d">2016-03-28</subfield>
    <subfield code="l">0</subfield>
    <subfield code="o">TK6678 C83 2009</subfield>
    <subfield code="p">07 005656</subfield>
    <subfield code="r">2016-03-28</subfield>
    <subfield code="t">1</subfield>
    <subfield code="w">2016-03-28</subfield>
    <subfield code="y">LB</subfield>
  </datafield>
  <datafield tag="952" ind1=" " ind2=" ">
    <subfield code="0">0</subfield>
    <subfield code="1">0</subfield>
    <subfield code="2">lcc</subfield>
    <subfield code="4">0</subfield>
    <subfield code="7">0</subfield>
    <subfield code="a">15</subfield>
    <subfield code="b">15</subfield>
    <subfield code="d">2016-02-01</subfield>
    <subfield code="l">0</subfield>
    <subfield code="o">384.55 C962t 2009</subfield>
    <subfield code="p">15 007821</subfield>
    <subfield code="r">2017-12-07</subfield>
    <subfield code="t">1</subfield>
    <subfield code="w">2016-05-30</subfield>
    <subfield code="y">LB</subfield>
  </datafield>
  <datafield tag="952" ind1=" " ind2=" ">
    <subfield code="0">0</subfield>
    <subfield code="1">0</subfield>
    <subfield code="2">ddc</subfield>
    <subfield code="4">0</subfield>
    <subfield code="7">0</subfield>
    <subfield code="a">15</subfield>
    <subfield code="b">15</subfield>
    <subfield code="d">2016-02-17</subfield>
    <subfield code="l">0</subfield>
    <subfield code="o">384.55 C962t 2009</subfield>
    <subfield code="p">15 007863</subfield>
    <subfield code="r">2017-12-07</subfield>
    <subfield code="t">2</subfield>
    <subfield code="w">2016-06-04</subfield>
    <subfield code="y">LB</subfield>
  </datafield>
  <datafield tag="999" ind1=" " ind2=" ">
    <subfield code="c">72273</subfield>
    <subfield code="d">72273</subfield>
  </datafield>
  <controlfield tag="008">120626s2009    mx a          000 0 spa d</controlfield>
  <datafield tag="020" ind1=" " ind2=" ">
    <subfield code="a">9786077686644</subfield>
  </datafield>
  <datafield tag="050" ind1=" " ind2=" ">
    <subfield code="a">TK6678 </subfield>
    <subfield code="b">C83 2009</subfield>
  </datafield>
  <datafield tag="082" ind1=" " ind2=" ">
    <subfield code="a">384.55 </subfield>
    <subfield code="b">C962t </subfield>
  </datafield>
  <datafield tag="100" ind1=" " ind2=" ">
    <subfield code="a">Cubero, Manuel</subfield>
    <subfield code="e">autor</subfield>
  </datafield>
  <datafield tag="245" ind1="1" ind2="3">
    <subfield code="a">La Televisi&#xF3;n digital</subfield>
    <subfield code="b"> : Fundamentos y Teor&#xED;as</subfield>
    <subfield code="c"> / Manuel Cubero </subfield>
  </datafield>
  <datafield tag="260" ind1=" " ind2=" ">
    <subfield code="a">M&#xE9;xico</subfield>
    <subfield code="b"> : Alfaomega</subfield>
    <subfield code="c">, 2009</subfield>
  </datafield>
  <datafield tag="300" ind1=" " ind2=" ">
    <subfield code="a">575 p&#xE1;ginas</subfield>
    <subfield code="b"> : ilustraciones</subfield>
  </datafield>
  <datafield tag="336" ind1=" " ind2=" ">
    <subfield code="a">texto</subfield>
  </datafield>
  <datafield tag="337" ind1=" " ind2=" ">
    <subfield code="a">sin medio</subfield>
  </datafield>
  <datafield tag="338" ind1=" " ind2=" ">
    <subfield code="a">volumrn</subfield>
  </datafield>
  <datafield tag="504" ind1=" " ind2=" ">
    <subfield code="a">Bibliograf&#xED;a (pp.577-579)</subfield>
  </datafield>
  <datafield tag="505" ind1=" " ind2=" ">
    <subfield code="a">La televisi&#xF3;n digital
Digitalizaci&#xF3;n de las se&#xF1;ales de video y audio
Compresi&#xF3;n digital de v&#xED;deo y audio
Est&#xE1;ndares MPEG y DVB
Criptolog&#xED;a
La criptolog&#xED;a en TV
Protecci&#xF3;n contra errores de bits
Modulaciones digitales
Grabaci&#xF3;n magn&#xE9;tica
Grabaci&#xF3;n magn&#xE9;tica de la televisi&#xF3;n digital
Grabaci&#xF3;n &#xF3;ptica

</subfield>
  </datafield>
  <datafield tag="519" ind1=" " ind2=" ">
    <subfield code="a">Educaci&#xF3;n Mixta /
</subfield>
    <subfield code="b">Dise&#xF1;o Gr&#xE1;fico /</subfield>
    <subfield code="c">Video I (P16-3) /</subfield>
    <subfield code="d">(11 012940)</subfield>
  </datafield>
  <datafield tag="519" ind1=" " ind2=" ">
    <subfield code="a">Educaci&#xF3;n Mixta /
</subfield>
    <subfield code="b">Dise&#xF1;o Gr&#xE1;fico / </subfield>
    <subfield code="c">Video I (P16-3) / </subfield>
    <subfield code="d">(03 008441)</subfield>
  </datafield>
  <datafield tag="519" ind1=" " ind2=" ">
    <subfield code="a">Educaci&#xF3;n Mixta /
</subfield>
    <subfield code="b">Dise&#xF1;o Gr&#xE1;fico /</subfield>
    <subfield code="c">Video I (P16-3) / </subfield>
    <subfield code="d">(07 005656)</subfield>
  </datafield>
  <datafield tag="519" ind1=" " ind2=" ">
    <subfield code="a">Material Complementario /
</subfield>
    <subfield code="d">(15 007821)</subfield>
  </datafield>
  <datafield tag="650" ind1="1" ind2="0">
    <subfield code="a">TELEVISI&#xD3;N DIGITAL</subfield>
  </datafield>
  <datafield tag="650" ind1="2" ind2="0">
    <subfield code="a">TELEVISI&#xD3;N</subfield>
    <subfield code="x">TRANSMISORES Y TRANSMISIONES </subfield>
  </datafield>
  <datafield tag="942" ind1=" " ind2=" ">
    <subfield code="c">LB</subfield>
  </datafield>
</record>
